00582nam a2200181 a 45000010005000000030005000050050017000100080041000270200015000680400020000832450121001032600027002243000011002514900034002626500034002966500038003306500032003685388CDMR20131210180320.0130130s1986||||||||||||||||||||||||||||d a8476520077 aCDMRbcatcCDMR00aPaíses y medios de comunicaciónb: estructura mundial de transmisión de noticiasc[Ana Carrascal ... [et al.]] aBarcelonac1986bMitre a282 p.0 aEnciclopedia de periodismov204aSistemes de telecomunicació04aMitjans de comunicació de massa04aComunicació internacional